[Event "CZE-chT2B 0910"]
[Site "Czech Republic"]
[Date "2010.04.18"]
[Round "11.8"]
[White "Volek, Radomir"]
[Black "Cekal, Zdenek"]
[Result "0-1"]
[WhiteElo "2023"]
[BlackElo "2047"]
[PlyCount "74"]
[EventDate "2009.10.18"]
[EventType "team-tourn"]
[EventRounds "11"]
[EventCountry "CZE"]
[SourceTitle "EXT 2012"]
[Source "ChessBase"]
[SourceDate "2011.11.24"]
[SourceVersion "1"]
[SourceVersionDate "2011.11.24"]
[SourceQuality "1"]
[WhiteTeam "Litvinov Lom"]
[BlackTeam "Pankrac II"]
[WhiteTeamCountry "CZE"]
[BlackTeamCountry "CZE"]

1. e4 c5 2. Nf3 d6 3. d4 cxd4 4. Nxd4 Nf6 5. Nc3 g6 6. Bc4 Bg7 7. 0-0 0-0 8. Re1 Nc6 9. Bb3 Qa5 10. Be3 Ng4 11. Nd5 Re8 12. Bd2 Qc5 13. Nf3 Qxf2+ 14. Kh1 Nce5 15. Nc7 Qc5 16. Rf1 Qxc7 17. Ng5 Rf8 18. Qe1 h6 19. Nh3 Bd7 20. Nf4 Bc6 21. Bc3 Bb5 22. Qg3 Bxf1 23. Rxf1 g5 24. Nd5 Qd7 25. h4 e6 26. Bxe5 Nxe5 27. Nf6+ Bxf6 28. Rxf6 Ng6 29. hxg5 h5 30. Qh3 Kg7 31. Bxe6 fxe6 32. Rxe6 Qf7 33. Rf6 Qe8 34. Qf3 Rxf6 35. gxf6+ Kh6 36. Qe3+ Kh7 37. Qg5 Qe5 0-1

[Event "CZE-chT2b 0001"]
[Site "Czech Republic"]
[Date "2001.??.??"]
[Round "?"]
[White "Janous, Petr"]
[Black "Cekal, Zdenek"]
[Result "1-0"]
[WhiteElo "1905"]
[BlackElo "2050"]
[PlyCount "62"]
[EventDate "2000.??.??"]
[EventType "team"]
[EventRounds "11"]
[EventCountry "CZE"]
[SourceTitle "EXT 2003"]
[Source "ChessBase"]
[SourceDate "2002.11.25"]
[SourceVersion "1"]
[SourceVersionDate "2002.11.25"]
[SourceQuality "1"]

1. d4 d5 2. Nf3 c6 3. e3 Nf6 4. Bd3 Bg4 5. Nbd2 Nbd7 6. Be2 e6 7. c3 Bd6 8. Qc2 Bf5 9. Bd3 Bxd3 10. Qxd3 0-0 11. 0-0 Qc7 12. e4 e5 13. exd5 Nxd5 14. Nc4 exd4 15. Nxd6 Qxd6 16. Qxd4 Qf6 17. c4 Qxd4 18. Nxd4 N5f6 19. Re1 Rfe8 20. Bf4 Nc5 21. b3 Rxe1+ 22. Rxe1 Nd3 23. Bd2 Nxe1 24. Bxe1 Rd8 25. Nf3 Rd1 26. Kf1 Ra1 27. a4 Ne4 28. a5 Nc5 29. b4 Nd3 30. Ke2 Nxe1 31. Nxe1 c5 1-0